000 01762nam a2200445 i 4500
001 46220
003 KOSZ 005
005 20211206101741.0
008 050719s2005 pl ao g f |000 0 pol
015 _aPB 2005/16029
020 _a8373650776
040 _aWA N
_cWA N
_dKOSZ 005/HR
046 _k2005
080 _a628.32
080 _a004.4
080 _a(07)
100 1 _aMalej, Józef
_d(1928-2021)
_eAutor
245 1 0 _aWykorzystanie techniki komputerowej do projektowania i eksploatacji wysoko sprawnych oczyszczalni ścieków /
_cJózef Malej, Jacek Piekarski ; Politechnika Koszalińska.
260 _aKoszalin :
_bWydawnictwo Uczelniane Politechniki Koszalińskiej,
_c2005.
300 _a289 s., [1] k. tabl. złoż. luz. :
_brys., wykr. ;
_c25 cm.
336 _2rdacontent
_aTekst
_btxt
337 _2rdamedia
_aBez urządzenia pośredniczącego
_bn
338 _2rdacarrier
_aWolumin
_bnc
380 _aKsiążki
380 _aPublikacje dydaktyczne
385 _mPoziom nauczania
_aSzkoły wyższe
388 _a2001-
504 _aBibliogr. przy rozdz.
650 4 _aOczyszczalnia ścieków
650 4 _aObsługa i eksploatacja
650 4 _aProgramy komputerowe
650 4 _aProjektowanie wspomagane komputerowo
655 4 _aPodręcznik
658 _aInżynieria i technika
700 1 _aPiekarski, Jacek
_c(ochrona środowiska)
_eAutor
710 2 _aWydawnictwo Uczelniane (Politechnika Koszalińska)
_4pbl.
856 _uhttp://dlibra.tu.koszalin.pl/dlibra/docmetadata?id=327&from=&dirids=1&ver_id=&lp=1&QI=
_yBiblioteka Cyfrowa
856 _uhttp://koha.tu.koszalin.pl/cgi-bin/koha/opac-detail.pl?biblionumber=46220
_yKatalog online BPK
942 _2UKD
_cKS
999 _c46220
_d46220